书目信息 |
| 题名: |
旧中国的买办阶级
|
|
| 作者: | 黄逸峰 著 | |
| 分册: | ||
| 出版信息: | 上海 上海人民出版社 1982 |
|
| 页数: | 292页 | |
| 开本: | 19cm | |
| 丛书名: | ||
| 单 册: | ||
| 中图分类: | D693.71 | |
| 科图分类: | ||
| 主题词: | 买办资产阶级--中国--民国 | |
| 电子资源: | ||
| ISBN: | ||
| 000 | 00616nam0 2200229 45 | |
| 001 | 0182008730 | |
| 005 | 20060726092958.40 | |
| 010 | @dCNY0.64 | |
| 091 | @aCN@b4074.472 | |
| 100 | @a19950424d1982 emky0chiy0121 ea | |
| 101 | 0 | @achi |
| 102 | @aCN@b310000 | |
| 105 | @ay z 000yy | |
| 200 | 10 | @a旧中国的买办阶级@Ajiu zhong guo de mai ban jie ji@f黄逸峰等著 |
| 210 | @a上海@c上海人民出版社@d1982 | |
| 215 | @a292页@d19cm | |
| 606 | @a买办资产阶级@y中国@z民国 | |
| 690 | @aD693.71@v3 | |
| 701 | 0 | @a黄逸峰@Ahuang yi feng@4著 |
| 801 | 2 | @aCN@bNLC@c20060726 |
| 801 | 0 | @aCN@bTSSF |
| 905 | @a10447@dD693.71@e101 | |
| 旧中国的买办阶级/黄逸峰等著.-上海:上海人民出版社,1982 |
| 292页;19cm |
| ISBN :CNY0.64 |
| ● |
| 相关链接 |
|
|
|
|
正题名:旧中国的买办阶级
索取号:D693.71/101
 
预约/预借
| 序号 | 登录号 | 条形码 | 馆藏地/架位号 | 状态 | 备注 |
| 1 | 0426480 | 204264802 | 密集书库/ [索取号:D693.71/101] | 在馆 | |
| 2 | 0426481 | 204264811 | 密集书库/ [索取号:D693.71/101] | 在馆 |